00469nam a2200181Ia 4500003000400000005001700004008004100021020001800062040000700080041000800087082001600095100001800111245005600129260004800185300001300233365001200246650002900258OSt20251211094600.0210719s2020 xx 000 0 und d a9780063083165 cAL aeng a813.54 ROLU aRollins James aUnrestricted access : new and classic short fiction aNew YorkbHarper & Collins Publishersc2020 a390pbPB b499cRs aAmerican English Fiction